[Event "Coppa del Mondo FIDE 2025"]
[Site "Goa"]
[Date "07.11.2025"]
[Round "2A"]
[White "Svane, Frederik"]
[Black "Gukesh, D"]
[Result "1/2-1/2"]
[WhiteElo "2638"]
[BlackElo "2752"]
[EventDate "2025.11.01"]
[EventType "k.o."]

1. e4 c5 2. Nf3 Nc6 3. Bb5 g6 4. O-O Bg7 5. d3 d6 6. c3 Nf6 7. e5 Nd5 8.
exd6 Qxd6 9. Nbd2 Nf6 10. Nc4 Qc7 11. Nfe5 O-O 12. Bxc6 bxc6 13. Re1 Nd5
14. Qa4 Bf5 15. Qxc6 Qxc6 16. Nxc6 Bxd3 17. N4e5 Bb5 18. c4 Bxc6 19. Nxc6
Nb6 20. Rb1 Nxc4 21. b3 Nb6 22. Ba3 c4 23. Rbc1 cxb3 24. Nxe7+ Kh8 25. axb3
Rfd8 26. Red1 Bf6 27. g3 Kg7 28. Kg2 Rxd1 29. Rxd1 a5 30. Bc5 a4 31. Bxb6
Bxe7 32. bxa4 Rxa4 33. Bd4+ Bf6 34. Bxf6+ Kxf6 1/2-1/2

[Event "Coppa del Mondo FIDE 2025"]
[Site "Goa"]
[Date "07.11.2025"]
[Round "2A"]
[White "Erigaisi, Arjun"]
[Black "Vokhidov, Shamsiddin"]
[Result "1-0"]
[WhiteElo "2773"]
[BlackElo "2640"]
[EventDate "2025.11.01"]
[EventType "k.o."]

1. d4 Nf6 2. c4 e6 3. Nf3 d5 4. Nc3 c5 5. cxd5 cxd4 6. Qa4+ Bd7 7. Qxd4
exd5 8. Nxd5 Qa5+ 9. Nc3 Nc6 10. Qd1 Ne4 11. Bd2 Nxd2 12. Nxd2 Bb4 13. Rc1
Bxc3 14. Rxc3 Qxa2 15. Nc4 Be6 16. e4 Rd8 17. Nd6+ Kf8 18. Qd2 Qa4 19. f4
Qb4 20. e5 f6 21. Bd3 fxe5 22. fxe5 Nxe5 23. O-O+ Kg8 24. Bf5 Bf7 25. Rc8
Qb6+ 26. Rf2 Rxc8 27. Bxc8 h5 28. Nxf7 Nxf7 29. Qd5 Kh7 30. Qxf7 1-0

[Event "Coppa del Mondo FIDE 2025"]
[Site "Goa"]
[Date "07.11.2025"]
[Round "2A"]
[White "Hovhannisyan, Robert"]
[Black "Praggnanandhaa, R"]
[Result "1/2-1/2"]
[WhiteElo "2633"]
[BlackElo "2771"]
[EventDate "2025.11.01"]
[EventType "k.o."]

1. e4 e5 2. Nf3 Nc6 3. Nc3 Nf6 4. d4 exd4 5. Nxd4 Bb4 6. Nxc6 bxc6 7. Bd3
d5 8. exd5 O-O 9. O-O cxd5 10. h3 c6 11. Qf3 Re8 12. Bf4 Nd7 13. Rae1 Nc5
14. Bc7 Nxd3 15. cxd3 Qd7 16. Rxe8+ Qxe8 17. Qf4 a5 18. a3 Bxc3 19. bxc3
Ba6 20. Qg3 Qe6 21. Rb1 Qg6 22. Qxg6 hxg6 23. d4 a4 24. Rb6 Bb5 25. Bb8 Bc4
26. h4 Ra6 27. Rxa6 Bxa6 28. Bd6 f6 29. Bc5 Kf7 30. f3 Bb5 1/2-1/2

[Event "Coppa del Mondo FIDE 2025"]
[Site "Goa"]
[Date "07.11.2025"]
[Round "2A"]
[White "Giri, Anish"]
[Black "Donchenko, Alexander"]
[Result "1/2-1/2"]
[WhiteElo "2759"]
[BlackElo "2641"]
[EventDate "2025.11.01"]
[EventType "k.o."]

1. c4 c5 2. Nf3 Nf6 3. Nc3 Nc6 4. d4 cxd4 5. Nxd4 e6 6. Bf4 d5 7. cxd5 Nxd5
8. Nxc6 bxc6 9. Bd2 Bb4 10. a3 Ba5 11. Qc2 O-O 12. e3 Nxc3 13. Bxc3 Bxc3+
14. Qxc3 a5 15. Bd3 Ba6 16. Rd1 Qg5 17. O-O Rfb8 18. Rfe1 Bxd3 19. Rxd3 Rb6
20. Rd6 Qb5 21. Red1 Rf8 22. R1d2 h6 23. h3 c5 24. Rd7 Rbb8 25. Ra7 Ra8 26.
Rc7 Rac8 27. Rdd7 Rb8 28. Rd2 Rfc8 29. Rcd7 c4 30. Kh2 a4 31. Qd4 Rb7 32.
Rd6 Qf5 33. Rd8+ Rxd8 34. Qxd8+ Kh7 35. Qd4 Rc7 36. Qc3 Rc8 37. g3 Qb5 38.
Qc2+ Kg8 39. Qc1 Qb3 40. Rd4 c3 41. bxc3 Rxc3 42. Qh1 Rc8 43. Qe4 Qxa3 44.
Rxa4 1/2-1/2

[Event "Coppa del Mondo FIDE 2025"]
[Site "Goa"]
[Date "07.11.2025"]
[Round "2A"]
[White "Pranav, V"]
[Black "Stremavicius, Titas"]
[Result "1-0"]
[WhiteElo "2641"]
[BlackElo "2531"]
[EventDate "2025.11.01"]
[EventType "k.o."]

1. e4 e6 2. d4 d5 3. Nd2 c5 4. Ngf3 cxd4 5. Nxd4 Nf6 6. e5 Nfd7 7. N2f3 Nc6
8. Bf4 Be7 9. c3 g5 10. Bg3 Qb6 11. Rb1 Nc5 12. h4 Ne4 13. hxg5 Nxg3 14.
fxg3 Bd7 15. Qd3 Nxd4 16. cxd4 Rc8 17. Rxh7 Rxh7 18. Qxh7 Bb5 19. a3 Bxf1
20. Kxf1 Qb3 21. Kg1 Qc2 22. Qxc2 Rxc2 23. a4 a5 24. b3 Kf8 25. Kh2 Kg7 26.
Kh3 b6 27. Kg4 Ba3 28. Rh1 Rc3 29. Rb1 Rc2 30. Ra1 Bb2 31. Rf1 Ba3 32. g6
Kxg6 33. Ng5 Be7 34. Nxf7 Rd2 35. Rf4 Rd3 36. Nd6 Bg5 37. Rf8 Rxd4+ 38. Kh3
Rd3 39. Re8 Kh5 40. Kh2 Bd2 41. Rxe6 Be1 42. Nf5 Bc3 43. Nh4 Rd1 44. Nf3 d4
45. Rxb6 d3 46. Rd6 d2 47. g4+ Kxg4 48. e6 Bb4 49. Rd4+ Kf5 50. e7 Re1 51.
Rd5+ Kf4 52. Rd4+ Kf5 53. Nxd2 Rxe7 54. Nc4 Be1 55. g3 Re2+ 56. Kh3 Kf6 57.
Rd6+ Kg5 58. Rd3 Kf5 59. Rd5+ Ke6 60. Rb5 Kf6 61. Kg4 Ke6 62. Kf3 Rf2+ 63.
Ke4 Rg2 64. Nxa5 Rxg3 65. Nc4 Kd7 66. Ne5+ Kc7 67. Nd3 Bd2 68. b4 Rh3 69.
Kd4 Rh4+ 70. Kd5 Be3 71. Nc5 Rd4+ 72. Ke5 Kc6 73. Ne6 Rh4 74. Rb8 Bg1 75.
Kf6 Kd6 76. Rd8+ Kc6 77. b5+ Kb6 78. Ra8 Kb7 79. Ra6 Bb6 80. Ke7 Rh7+ 81.
Ke8 Rh8+ 82. Kf7 Rh1 83. Ng5 Re1 84. Kg6 Re5 85. Kf6 Re1 86. Kf5 Rf1+ 87.
Ke5 Bc7+ 88. Kd4 Bb6+ 89. Kd3 Re1 90. Kd2 Re5 91. Nf3 Re6 92. Kc2 Rf6 93.
Ne5 Rf4 94. Kb3 Bc5 95. Nd3 Rf3 96. Kc4 Bb6 97. Nc5+ Bxc5 98. Kxc5 Rf4 99.
Rb6+ Ka7 100. Rh6 Rxa4 101. Rh7+ Kb8 102. Kb6 1-0

[Event "Coppa del Mondo FIDE 2025"]
[Site "Goa"]
[Date "07.11.2025"]
[Round "2A"]
[White "Keymer, Vincent"]
[Black "Pranesh, M"]
[Result "1/2-1/2"]
[WhiteElo "2755"]
[BlackElo "2630"]
[EventDate "2025.11.01"]
[EventType "k.o."]

1. Nf3 d5 2. g3 Nc6 3. d4 Bf5 4. Bg2 e6 5. O-O Nb4 6. Ne1 Be7 7. c4 c6 8.
a3 Na6 9. Nc3 Nf6 10. Nf3 Ne4 11. Ne5 f6 12. Nf3 Nxc3 13. bxc3 Be4 14. Bh3
Qd7 15. Nd2 Bf5 16. Bxf5 exf5 17. Rb1 h5 18. cxd5 cxd5 19. Nf3 Kf7 20. Qd3
Rac8 21. Bd2 g6 22. Nh4 Qc6 23. Ng2 Nc7 24. a4 b6 25. Rfc1 Ne6 26. Ra1 Bd6
27. Rcb1 Nc7 28. Rc1 Ne6 29. Qb5 Rhd8 30. Rcb1 Qa8 31. Qb3 Nc7 32. Rc1 Re8
33. Bf4 Rcd8 34. c4 Ne6 35. Be3 dxc4 36. Qxc4 Rc8 37. Qb5 Red8 38. a5 Nc7
39. Qd3 Qe4 40. axb6 Qxd3 41. exd3 axb6 42. Ra7 g5 43. Rb7 Kg6 44. Rxb6 Ba3
45. Rc4 Nd5 46. Rxc8 Rxc8 47. Rb5 Nc3 48. Rb3 Bd6 49. Kf1 Nd5 50. Bd2 Rc2
51. Ke1 Ra2 52. Rb5 Ra1+ 53. Ke2 Ra2 54. Rxd5 Bb4 55. Ne3 Rxd2+ 56. Kf1 f4
57. gxf4 g4 58. f5+ Kg5 59. Rd8 Ra2 60. Re8 Kh4 61. Kg2 Bc3 62. Re4 Rd2 63.
Nd5 Rxd3 64. Re3 Rxe3 65. fxe3 Bd2 66. Kf2 Kg5 67. Ke2 Ba5 68. e4 h4 69.
Ke3 h3 70. Kf2 Be1+ 71. Kg1 Ba5 72. Kf1 Bd2 73. Kf2 Ba5 74. Kf1 Bd2 75. Kf2
Be1+ 76. Kf1 Ba5 77. Kf2 Bd2 78. Kf1 Bc1 79. e5 fxe5 80. dxe5 Kxf5 81. Nf6
Be3 82. Nxg4 Kxg4 83. e6 Bc5 84. e7 Bxe7 85. Kg1 1/2-1/2

[Event "Coppa del Mondo FIDE 2025"]
[Site "Goa"]
[Date "07.11.2025"]
[Round "2A"]
[White "Gledura, Benjamin"]
[Black "Wei, Yi"]
[Result "1/2-1/2"]
[WhiteElo "2643"]
[BlackElo "2754"]
[EventDate "2025.11.01"]
[EventType "k.o."]

1. d4 Nf6 2. c4 e6 3. a3 d5 4. cxd5 exd5 5. Nc3 c6 6. Bf4 Bd6 7. Bxd6 Qxd6
8. e3 Bf5 9. Qf3 g6 10. Nge2 Nbd7 11. Qf4 Qxf4 12. Nxf4 O-O 13. Bd3 Bxd3
14. Nxd3 Ne4 15. Nxe4 dxe4 16. Nf4 c5 17. O-O-O Rac8 18. Kb1 Nf6 19. h3 h5
20. Ne2 Rfd8 21. Rc1 cxd4 22. Nxd4 Kf8 23. Rxc8 Rxc8 24. Rc1 Rxc1+ 25. Kxc1
Ke7 26. Kc2 a6 27. Nb3 Nd7 28. Kc3 Ke6 29. Kd4 f5 30. Nc5+ Nxc5 31. Kxc5 h4
32. g3 b6+ 33. Kd4 g5 34. gxh4 gxh4 35. a4 Kd6 36. b3 a5 37. Kc4 Kc6 38. b4
axb4 39. Kxb4 Kd6 40. Kb5 Kc7 41. Kc4 Kc6 42. Kb4 Kd6 43. Kb5 Kc7 44. Kb4
Kd6 1/2-1/2

[Event "Coppa del Mondo FIDE 2025"]
[Site "Goa"]
[Date "07.11.2025"]
[Round "2A"]
[White "Abdusattorov, Nodirbek"]
[Black "Martinez Alcantara, Jose Eduardo"]
[Result "0-1"]
[WhiteElo "2750"]
[BlackElo "2644"]
[EventDate "2025.11.01"]
[EventType "k.o."]

1. e4 d6 2. d4 e5 3. Nf3 exd4 4. Nxd4 Nf6 5. Nc3 Be7 6. Bf4 O-O 7. Qd2 Nc6
8. O-O-O Nxd4 9. Qxd4 a6 10. f3 b5 11. g4 c5 12. Qe3 b4 13. Nd5 Nxd5 14.
Rxd5 Be6 15. Bc4 Bxd5 16. Bxd5 Rc8 17. g5 c4 18. Kb1 Qa5 19. h4 Rc5 20. Qd4
Rfc8 21. h5 Rxd5 22. exd5 Bf8 23. h6 Qc5 24. Qe4 g6 25. Be3 Qb5 26. Bd4 Re8
27. Qf4 f5 28. gxf6 Qxd5 29. b3 Kf7 30. Qg4 Qf5 31. Qg2 c3 32. a4 bxa3 33.
Ka2 a5 34. Rh4 a4 35. Bxc3 axb3+ 36. Kxb3 Rb8+ 37. Rb4 Qe6+ 38. Kxa3 d5 39.
Qf1 d4 0-1

[Event "Coppa del Mondo FIDE 2025"]
[Site "Goa"]
[Date "07.11.2025"]
[Round "2A"]
[White "Grandelius, Nils"]
[Black "Mamedyarov, Shakhriyar"]
[Result "1/2-1/2"]
[WhiteElo "2645"]
[BlackElo "2742"]
[EventDate "2025.11.01"]
[EventType "k.o."]

1. e4 e5 2. Nf3 Nc6 3. Bb5 a6 4. Ba4 Nf6 5. O-O Nxe4 6. d4 b5 7. Bb3 d5 8.
dxe5 Be6 9. Nbd2 Nc5 10. c3 Be7 11. Bc2 d4 12. Nb3 dxc3 13. Nxc5 Bxc5 14.
Be4 Qd7 15. Bg5 h6 16. Qc2 hxg5 17. Rad1 Nb4 18. Qxc3 Bxf2+ 19. Kxf2 Nd5
20. Qc1 O-O-O 21. h3 g4 22. hxg4 c6 23. Nd4 Kb7 24. Qc5 Qc7 25. Kg1 Rc8 26.
Nxc6 Qxc6 27. Bxd5 Bxd5 28. Qxd5 Qxd5 29. Rxd5 Rc7 30. b3 Re8 31. a4 Kb6
32. Rd6+ Kb7 33. Rd5 Kb6 34. Rd6+ Kb7 35. axb5 axb5 36. Rf5 g6 37. Rf4 Rxe5
1/2-1/2

[Event "Coppa del Mondo FIDE 2025"]
[Site "Goa"]
[Date "07.11.2025"]
[Round "2A"]
[White "Lodici, Lorenzo"]
[Black "Adams, Michael"]
[Result "1/2-1/2"]
[WhiteElo "2560"]
[BlackElo "2646"]
[EventDate "2025.11.01"]
[EventType "k.o."]

1. e4 e5 2. Nf3 Nc6 3. Bc4 Bc5 4. c3 Nf6 5. d4 exd4 6. e5 d5 7. Be2 Ne4 8.
cxd4 Bb4+ 9. Bd2 Nxd2 10. Nbxd2 O-O 11. O-O f6 12. a3 Ba5 13. Bb5 Ne7 14.
Qc2 Bf5 15. Bd3 Bxd3 16. Qxd3 Ng6 17. b4 Bb6 18. Rae1 a5 19. b5 fxe5 20.
Nxe5 Nf4 21. Qc3 a4 22. Re3 Ba5 23. Qc2 Qg5 24. g3 Nh3+ 25. Kg2 Rxf2+ 26.
Rxf2 Qxe3 27. Ng4 Qe6 28. Kxh3 h5 29. Qxa4 hxg4+ 30. Kg2 Qe3 31. Kf1 Qd3+
32. Kg2 Qe3 33. Kf1 Qd3+ 34. Kg2 b6 35. Qb3 Qxd4 36. Qc2 Rf8 37. Rxf8+ Kxf8
38. Nb3 Qe5 39. Nxa5 bxa5 40. Qc5+ Kg8 41. a4 Kh7 42. Kg1 Qe1+ 43. Kg2 Qe4+
44. Kf2 d4 45. Qg5 d3 46. Qe3 Qd5 47. Ke1 Qc4 48. Qe5 Qc1+ 49. Kf2 Qd2+ 50.
Kf1 Qd1+ 51. Kf2 Qd2+ 52. Kf1 Kh6 53. Qe6+ g6 54. Qxg4 Qc1+ 1/2-1/2

[Event "Coppa del Mondo FIDE 2025"]
[Site "Goa"]
[Date "07.11.2025"]
[Round "2A"]
[White "Artemiev, Vladislav"]
[Black "Vachier-Lagrave, Maxime"]
[Result "1/2-1/2"]
[WhiteElo "2646"]
[BlackElo "2737"]
[EventDate "2025.11.01"]
[EventType "k.o."]

1. Nf3 Nf6 2. c4 c5 3. g3 g6 4. Bg2 Bg7 5. Nc3 Nc6 6. d4 cxd4 7. Nxd4 h5 8.
h3 Nxd4 9. Qxd4 d6 10. c5 O-O 11. cxd6 Ne8 12. Qc5 Nxd6 13. O-O Be6 14. Bg5
Re8 15. Rac1 Qb6 16. Qxb6 axb6 17. Rfd1 Kf8 18. Nd5 Bxb2 19. Bh6+ Kg8 20.
Rb1 Bxd5 21. Bxd5 Bg7 22. Bxg7 Kxg7 23. Rxb6 Ra6 24. Rb4 Rea8 25. Bxb7 Nxb7
26. Rxb7 Rxa2 27. Rxe7 Ra1 28. Rxa1 Rxa1+ 29. Kg2 Ra4 30. e3 Rb4 31. Rd7
Ra4 32. Rd5 Kf6 33. Rd2 Rb4 34. f4 Rb1 35. g4 hxg4 36. hxg4 Kg7 37. Rd6 Ra1
38. Kf2 Rb1 39. Ra6 Rc1 40. Ra3 Rc2+ 41. Kf3 Rc1 42. Ra6 Rf1+ 43. Kg2 Rb1
44. Rd6 Ra1 45. f5 gxf5 46. gxf5 Ra5 47. e4 Ra3 48. Kf2 f6 49. Ke2 Kf7 50.
Rd7+ Ke8 51. Rc7 Rb3 52. Kd2 Ra3 53. Rc3 Ra1 54. Ke3 Rd1 55. Rc7 Kf8 56.
Ke2 Rd4 57. Kf3 Rd1 58. Kg4 Rg1+ 59. Kh5 Rg2 60. Kh6 Rg1 61. Rb7 Rg2 62.
Rc7 Rg1 63. Rb7 1/2-1/2

[Event "Coppa del Mondo FIDE 2025"]
[Site "Goa"]
[Date "07.11.2025"]
[Round "2A"]
[White "Ghosh, Diptayan"]
[Black "Sargissian, Gabriel"]
[Result "1/2-1/2"]
[WhiteElo "2573"]
[BlackElo "2624"]
[EventDate "2025.11.01"]
[EventType "k.o."]

1. c4 e6 2. Nc3 d5 3. d4 Nf6 4. cxd5 exd5 5. Bg5 Be7 6. e3 O-O 7. Bd3 Re8
8. Nf3 h6 9. Bf4 c5 10. dxc5 Bxc5 11. O-O Nc6 12. Rc1 Bb6 13. Na4 Bg4 14.
h3 Bh5 15. Be2 Ne4 16. Nxb6 axb6 17. a3 Qf6 18. Qxd5 Qxb2 19. Qb5 Qxb5 20.
Bxb5 Rxa3 21. g4 Bg6 22. Bxc6 bxc6 23. Rxc6 b5 24. Nd4 b4 25. Rb6 Nd2 26.
Rd1 Rd3 27. Ra1 b3 28. f3 Rxd4 29. exd4 Nxf3+ 30. Kf2 Nxd4 31. Re1 Rxe1 32.
Kxe1 Bc2 33. Kf2 Ne6 34. Be3 Nc7 35. Rb7 Nd5 36. Bd2 Nf6 37. Ke3 h5 38. g5
Ne4 39. Rxb3 Nxg5 40. Rb5 f6 41. h4 Ne4 42. Rb2 Nxd2 43. Rxc2 Nb3 44. Rc3
Na5 45. Rc7 Kh7 46. Rc5 Nb7 47. Rxh5+ Kg8 48. Rd5 Kf8 49. Ke4 g6 50. Rd2
Ke7 51. Rg2 Nd6+ 52. Kf4 g5+ 53. hxg5 fxg5+ 54. Rxg5 Ke6 55. Rc5 Nf7 56.
Rc6+ Nd6 57. Rc1 Kd5 58. Rd1+ Ke6 59. Rxd6+ Kxd6 1/2-1/2

[Event "Coppa del Mondo FIDE 2025"]
[Site "Goa"]
[Date "07.11.2025"]
[Round "2A"]
[White "Xiong, Jeffery"]
[Black "Le, Quang Liem"]
[Result "0-1"]
[WhiteElo "2648"]
[BlackElo "2729"]
[EventDate "2025.11.01"]
[EventType "k.o."]

1. d4 d5 2. c4 e6 3. Nc3 Be7 4. cxd5 exd5 5. Bf4 c6 6. e3 Bf5 7. Nge2 Nd7
8. h4 g6 9. h5 g5 10. Bh2 Nh6 11. Nc1 O-O 12. Bd3 Be6 13. Bc2 f5 14. Nd3
Ng4 15. Bg3 Ndf6 16. Nc5 Bxc5 17. dxc5 d4 18. Qxd4 Qxd4 19. exd4 f4 20. Bh2
Bc4 21. Bg1 Rfe8+ 22. Kd2 Rad8 23. f3 Ne3 24. Bxe3 fxe3+ 25. Ke1 Rxd4 26.
Rd1 Red8 27. Rh3 Kf7 28. Ne4 Nxe4 29. fxe4 Rxd1+ 30. Bxd1 Rd2 31. b3 Be6
32. Rxe3 Rxg2 33. Be2 Rh2 34. e5 g4 35. Kf1 Rxh5 36. Re4 Rf5+ 37. Kg1 h5
38. Rb4 Bc8 39. Re4 Rg5 40. a4 a5 41. Kg2 h4 42. Rf4+ Ke7 43. Bc4 Be6 44.
b4 Bxc4 45. Rxc4 h3+ 46. Kg1 g3 47. Rh4 h2+ 48. Kg2 Ke6 49. bxa5 Rg7 50.
Rh5 Kd5 51. e6+ Kxe6 52. a6 bxa6 53. a5 Rg6 0-1

[Event "Coppa del Mondo FIDE 2025"]
[Site "Goa"]
[Date "07.11.2025"]
[Round "2A"]
[White "Rapport, Richard"]
[Black "Erdogmus, Yagiz Kaan"]
[Result "1/2-1/2"]
[WhiteElo "2724"]
[BlackElo "2651"]
[EventDate "2025.11.01"]
[EventType "k.o."]

1. e4 e5 2. Nf3 Nc6 3. Bc4 Nf6 4. d3 Be7 5. O-O O-O 6. Bb3 d6 7. c3 Be6 8.
Re1 Bxb3 9. Qxb3 Na5 10. Qa4 c5 11. d4 exd4 12. cxd4 d5 13. exd5 Nxd5 14.
Bd2 Nc6 15. dxc5 Bxc5 16. Nc3 Bb4 17. Bg5 Nxc3 18. bxc3 Qa5 19. Qxa5 Bxa5
20. Rab1 b6 21. Rec1 Rac8 22. Be3 Rfd8 23. Kf1 Ne7 24. c4 Nf5 25. Bf4 f6
26. h4 Nd4 27. Be3 Nxf3 28. gxf3 Rc6 29. Ke2 Rdc8 30. Kd3 Rd8+ 31. Ke2 Rdc8
32. Kd3 1/2-1/2

[Event "Coppa del Mondo FIDE 2025"]
[Site "Goa"]
[Date "07.11.2025"]
[Round "2A"]
[White "Salem, A.R. Saleh"]
[Black "Aronian, Levon"]
[Result "0-1"]
[WhiteElo "2620"]
[BlackElo "2722"]
[EventDate "2025.11.01"]
[EventType "k.o."]

1. d4 d5 2. c4 e6 3. Nf3 Nd7 4. cxd5 exd5 5. Nc3 c6 6. Qc2 Nb6 7. Bf4 Bd6
8. Bxd6 Qxd6 9. e3 Bg4 10. Ne5 Bh5 11. Bd3 Bg6 12. Bxg6 hxg6 13. O-O-O Nf6
14. Kb1 Qe6 15. f3 O-O-O 16. e4 dxe4 17. fxe4 Nc4 18. Nxc4 Qxc4 19. Qf2
Rhe8 20. Rhe1 Re7 21. Re2 Kb8 22. g4 Ka8 23. g5 Nd7 24. Rc2 Qb4 25. a3 Qb3
26. Rcd2 Nb6 27. Rd3 Qe6 28. h4 Red7 29. Qc2 Qg4 30. a4 Qxh4 31. d5 a5 32.
Qb3 Qf2 33. Rd4 Ka7 34. Ka2 Qf4 35. R1d3 Qc7 36. Qa3 Nc8 37. dxc6 Qxc6 38.
Nd5 Kb8 39. Rc3 Qe6 40. Qc5 Ne7 41. Rdc4 Nxd5 42. exd5 Qxd5 43. Qxd5 Rxd5
44. Rc7 R8d7 45. Rxd7 Rxd7 46. Rf3 Kc8 47. b4 axb4 48. Kb3 Kd8 49. Kxb4 Ke7
50. Kc5 f6 51. Rf1 Ke6 52. a5 Ke5 53. Kb6 f5 54. Re1+ Kf4 55. Rg1 Kf3 56.
Ka7 f4 57. Rb1 Kg3 58. Rg1+ Kh3 59. Rf1 Rf7 0-1

[Event "Coppa del Mondo FIDE 2025"]
[Site "Goa"]
[Date "07.11.2025"]
[Round "2A"]
[White "Sindarov, Javokhir"]
[Black "Theodorou, Nikolas"]
[Result "1/2-1/2"]
[WhiteElo "2721"]
[BlackElo "2652"]
[EventDate "2025.11.01"]
[EventType "k.o."]

1. e4 c5 2. Nc3 e6 3. Nge2 a6 4. g3 b5 5. Bg2 Bb7 6. d4 cxd4 7. Nxd4 Nc6 8.
O-O Nxd4 9. Qxd4 Ne7 10. a4 Nc6 11. Qe3 b4 12. Nd5 Ne5 13. Qb6 Qxb6 14.
Nxb6 Rd8 15. Be3 f6 16. h3 g5 17. Rad1 Rg8 18. Bd4 h5 19. Bxe5 fxe5 20. Nc4
Rc8 21. Nxe5 Rxc2 22. Nxd7 Bg7 23. e5 Bxg2 24. Kxg2 Ke7 25. Nf6 Bxf6 26.
exf6+ Kxf6 27. Rd6 Rf8 28. Rxa6 Rxb2 29. Rb6 b3 30. a5 Ra2 31. a6 b2 32.
Re1 Re8 33. Rb1 Ra8 34. R1xb2 Rxb2 1/2-1/2

[Event "Coppa del Mondo FIDE 2025"]
[Site "Goa"]
[Date "07.11.2025"]
[Round "2A"]
[White "Narayanan, S.L."]
[Black "Yu, Yangyi"]
[Result "1/2-1/2"]
[WhiteElo "2617"]
[BlackElo "2720"]
[EventDate "2025.11.01"]
[EventType "k.o."]

1. d4 Nf6 2. c4 e6 3. Nf3 d5 4. Nc3 Bb4 5. Qa4+ Nc6 6. a3 Bxc3+ 7. bxc3 Bd7
8. cxd5 exd5 9. Bf4 O-O 10. e3 h6 11. Qc2 Nh5 12. Bg3 Nxg3 13. hxg3 Qf6 14.
Bd3 Bg4 15. Nd2 Na5 16. Nb3 Nxb3 17. Qxb3 Bf5 18. Bxf5 Qxf5 19. O-O b6 20.
a4 Qe6 21. Rfc1 c5 22. dxc5 bxc5 23. Rab1 Qd6 24. Rd1 Rab8 25. Qa2 Qe5 26.
Qa3 Rxb1 27. Rxb1 Rc8 28. Rb5 Qe4 29. Rxc5 Rxc5 30. Qxc5 Qxa4 31. Qxd5 Qa1+
32. Kh2 Qxc3 33. Qa8+ Kh7 34. Qxa7 Qf6 35. Kg1 h5 36. Qd4 Qe6 37. e4 g6 38.
Kh2 Kg8 39. Qe3 Kg7 40. Qf4 Kg8 41. f3 Qe7 42. Kh3 Qd7+ 43. g4 hxg4+ 44.
Qxg4 Qd2 45. Qh4 Kg7 46. e5 Qd7+ 47. Kg3 Qf5 48. Qf4 Qe6 49. Qg5 Qc6 50.
Qe7 Qc3 51. Qf6+ Kg8 52. Kh2 Qe3 53. Kh3 Qc3 54. Qd8+ Kg7 55. e6 fxe6 56.
Qe7+ Kh6 57. Qxe6 Qa1 58. Qe3+ Kh7 59. Qe7+ Kh6 60. Qe3+ Kh7 61. Kg3 Qf6
62. Qf4 Qe6 63. Qh4+ Kg7 64. Qd4+ Kf7 65. Qe4 Qa2 66. Kh3 Qb2 67. f4 Qd2
68. Kg3 Kf6 69. Qe5+ Kf7 70. Qe4 Kf6 71. Kh3 Kf7 72. Qc4+ Kf6 73. Qc6+ Kf7
74. g3 Qd1 75. Qc7+ Kf6 76. Qe5+ Kf7 77. g4 Qd3+ 78. Kh4 Qd8+ 79. Kg3 Qd3+
80. Kf2 Qd2+ 81. Kf3 Qd1+ 82. Qe2 Qd5+ 83. Kg3 Qd4 84. Qf3 Qg1+ 85. Kh3 Qd4
86. Qb7+ Kf8 87. Qb8+ Kf7 88. Qc7+ Ke6 89. Kh4 Qf6+ 90. Kg3 Qd4 91. Qc6+
Kf7 92. Qb7+ Ke6 93. Qb3+ Kf6 94. Qf3 Kf7 95. Kg2 Qd2+ 96. Kh3 Qd4 97. Qb7+
Ke6 98. Qc6+ Kf7 99. Qf3 Qh8+ 100. Kg2 Qd4 101. Qb3+ Kf6 102. Kf3 g5 103.
fxg5+ Kxg5 104. Qg8+ Kh6 105. Qf8+ Kg6 106. Qf5+ Kg7 107. Qg5+ Kf7 108.
Qf4+ Qxf4+ 109. Kxf4 Kf6 110. g5+ Kg6 111. Kg4 Kg7 112. Kf5 Kf7 113. g6+
Kg7 114. Kg5 Kg8 115. Kf6 Kf8 116. g7+ Kg8 117. Kg6 1/2-1/2

[Event "Coppa del Mondo FIDE 2025"]
[Site "Goa"]
[Date "07.11.2025"]
[Round "2A"]
[White "Fedoseev, Vladimir"]
[Black "Wojtaszek, Radoslaw"]
[Result "0-1"]
[WhiteElo "2720"]
[BlackElo "2654"]
[EventDate "2025.11.01"]
[EventType "k.o."]

1. d4 Nf6 2. c4 e6 3. Nc3 Bb4 4. Qc2 d5 5. cxd5 exd5 6. Bg5 h6 7. Bh4 O-O
8. e3 c5 9. dxc5 Be6 10. Nf3 Nbd7 11. Nd4 Nxc5 12. f3 Rc8 13. Be2 Bd7 14.
O-O Na4 15. Qb3 Nxc3 16. Qxb4 Nxe2+ 17. Nxe2 Rc4 18. Qe1 Bb5 19. Nc3 Rxh4
20. Qxh4 Bxf1 21. Kxf1 Qb6 22. Qf2 Re8 23. Re1 Qa6+ 24. Qe2 Rxe3 25. Qxa6
Rxe1+ 26. Kxe1 bxa6 27. Kd2 Kf8 28. Ke3 Ke7 29. Kd4 Kd6 30. Nd1 Ng8 31. f4
h5 32. Ne3 Ne7 33. g3 g6 34. Nc2 Nc6+ 35. Kd3 a5 36. a3 Kc5 37. Ne1 f6 38.
Nf3 a4 39. Kc3 Ne7 40. Nh4 d4+ 41. Kd3 Kd5 42. h3 a6 43. g4 hxg4 44. hxg4
g5 45. fxg5 fxg5 46. Nf3 Nc6 47. Nxg5 Ne5+ 48. Kc2 Nxg4 49. b3 Ne3+ 50. Kb2
d3 51. Kc3 axb3 52. Nf3 b2 53. Kxb2 Nf1 54. Kc3 Ke4 55. a4 a5 56. Nh4 Ne3
57. Ng6 Nc4 58. Ne7 Ne5 59. Kd2 Kd4 60. Nf5+ Kc4 61. Nd6+ Kb3 62. Nb7 Kb4
63. Nd8 Kc4 64. Nb7 Nf3+ 65. Kc1 Kc3 66. Nc5 Ne5 67. Ne4+ Kd4 68. Nd6 Nc4
69. Nb5+ Ke3 70. Nc3 Nb6 71. Kb2 Kd4 72. Kb3 Nd5 73. Nb1 Nf6 74. Kb2 Ne4
75. Na3 Nc3 76. Kc1 Ke3 77. Kb2 d2 0-1

[Event "Coppa del Mondo FIDE 2025"]
[Site "Goa"]
[Date "07.11.2025"]
[Round "2A"]
[White "Shankland, Sam"]
[Black "Vidit, Santosh Gujrathi"]
[Result "1/2-1/2"]
[WhiteElo "2654"]
[BlackElo "2716"]
[EventDate "2025.11.01"]
[EventType "k.o."]

1. d4 Nf6 2. c4 e6 3. Nf3 d5 4. Nc3 Bb4 5. e3 O-O 6. Bd2 b6 7. cxd5 exd5 8.
Bd3 Bd6 9. Qc2 Ba6 10. Nb5 c6 11. Nxd6 Bxd3 12. Qxd3 Qxd6 13. O-O Nbd7 14.
Rac1 Rfc8 15. Rc2 Rc7 16. Rfc1 Rac8 17. Be1 Qe6 18. Ng5 Qe7 19. Nh3 c5 20.
dxc5 Nxc5 21. Qd1 Ne6 22. Rxc7 Rxc7 23. Rxc7 Qxc7 24. Bc3 Ne4 25. Qxd5 Nxc3
26. bxc3 Qxc3 27. g3 Qc8 28. Kg2 h6 29. Ng1 Ng5 30. h4 Nh7 31. Ne2 Nf6 32.
Qd3 Qc6+ 1/2-1/2

[Event "Coppa del Mondo FIDE 2025"]
[Site "Goa"]
[Date "07.11.2025"]
[Round "2A"]
[White "Karthik, Venkataraman"]
[Black "Deac, Bogdan-Daniel"]
[Result "1/2-1/2"]
[WhiteElo "2579"]
[BlackElo "2655"]
[EventDate "2025.11.01"]
[EventType "k.o."]

1. Nf3 d5 2. g3 Nf6 3. Bg2 e6 4. O-O Be7 5. c4 O-O 6. Ne5 c6 7. d4 Nfd7 8.
Nxd7 Nxd7 9. Nd2 Bf6 10. e3 dxc4 11. Nxc4 e5 12. dxe5 Nxe5 13. Nxe5 Qxd1
14. Rxd1 Bxe5 15. e4 a5 16. f4 Bg4 17. Rd3 Bf6 18. Kf2 Rfd8 19. Rxd8+ Rxd8
20. Be3 a4 21. e5 Be7 22. Bf3 Be6 23. Bd1 f6 24. Bxa4 fxe5 25. fxe5 Rf8+
26. Kg1 Ra8 27. Bc2 Rxa2 28. Rxa2 Bxa2 29. Kf2 Bd5 30. Bb6 g6 31. h4 Bb4
32. g4 Kf7 33. h5 Be7 34. hxg6+ hxg6 35. Ke2 Be6 36. Kf3 Bg5 37. Bc7 Bd5+
38. Ke2 c5 39. Bb6 c4 40. Ba4 Bf4 41. Bd4 Bg5 42. Be3 Be7 43. Bd4 Bf8 44.
Kf2 Be6 45. Kf3 Bh6 46. Bc3 Bd5+ 47. Kf2 Bf4 48. Ke2 g5 49. Bc2 b5 50. Bf5
Bc1 51. Kd1 Be3 52. Ke2 Bc5 53. Kd1 Be6 54. Ke2 b4 55. Bd2 Bd4 56. Bxe6+
Kxe6 57. Bxb4 Bxe5 58. Bd2 Bf6 59. Kd1 Kd5 60. Kc2 Ke4 61. b4 cxb3+ 62.
Kxb3 Kf3 63. Bxg5 Bxg5 64. Kc4 Kxg4 65. Kd4 1/2-1/2